[Event "4th Capablanca Memorial GM 2018"]
[Site "Heraklion"]
[Date "2018.04.10"]
[Round "2"]
[White "Petrova, Kristyna"]
[Black "Kapnisis, Spyridon"]
[Result "1/2-1/2"]
[WhiteElo "2257"]
[BlackElo "2472"]
[Annotator "TA"]
[PlyCount "207"]
[EventDate "2018.??.??"]
[EventType "tourn"]
[EventCountry "GRE"]
[SourceTitle "playchess.com"]
[Source "ChessBase"]
[SourceQuality "1"]

{[%evp 16,207,54,59,69,60,58,5,12,14,14,0,0,-5,10,-14,0,0,0,0,0,0,0,0,0,-30,-41,-24,0,-54,-47,-36,-3,-3,-6,-15,-15,-15,-15,-16,-16,-16,-16,-16,-15,-16,-21,-24,-17,-17,8,6,19,-86,-8,-8,0,0,0,0,0,0,0,0,0,0,122,122,122,122,122,122,122,122,132,122,122,122,122,122,122,66,122,122,122,62,122,81,122,59,66,57,70,57,57,57,57,57,57,57,59,57,57,50,57,50,57,57,57,57,57,57,57,57,74,74,74,59,59,59,59,59,59,59,59,59,59,59,59,59,66,59,59,59,81,81,81,81,81,81,81,81,81,81,81,81,81,81,81,81,81,74,81,81,81,81,81,81,81,81,81,81,81,74,74,74,74,74,74,74,74,59,59,59,74,74,81,81,81,74,81,81,81,74,74,81,74,81,81,81,74,59,81,74]} 1. e4 e5 2. Nf3 d6 3. d4 exd4 4. Nxd4 Nf6 5. Nc3 Be7 6. Bf4 c6 {C41: Philidor Defence} (6... O-O 7. Qd2 d5 8. Ndb5 Bb4 9. O-O-O c6 10. Nc7 Nxe4 11. Qd4 Bxc3 12. bxc3 Qe7 13. c4 Qa3+ 14. Qb2 Qa5 15. cxd5 Nxf2 {1-0 (29) Ragger,M (2644)-Schneider,I (2509) Austria 2017}) 7. Be2 O-O 8. Qd2 b5 9. a3 {LiveBook: 3 Games} Re8 10. O-O Bf8 11. Rad1 $146 ({White should play} 11. Bf3 $14) ({Predecessor:} 11. Bf3 a5 12. Nxc6 Nxc6 13. e5 Ra6 14. exf6 Qxf6 15. Nxb5 {1-0 (35) Joachim,S (2401)-Pakleza,Z (2499) Germany 2016}) 11... a5 $1 $11 12. f3 Bd7 13. Ra1 Na6 14. Kh1 h6 15. Rfd1 Nh5 16. Be3 $1 Nc7 17. g4 Nf6 18. g5 hxg5 19. Bxg5 b4 20. axb4 (20. Na4 {seems wilder.} bxa3 21. Rxa3 Rb8 22. Qxa5 Be7 23. Nc5) 20... axb4 21. Rxa8 Nxa8 22. Nb1 (22. Na4 $11) 22... Be7 23. Rg1 Nh7 24. Bxe7 Qxe7 25. Qf4 ({Don't go for} 25. Qxb4 $2 c5 $17) 25... Qf6 26. Qxf6 Nxf6 27. Nd2 d5 28. Ra1 dxe4 29. fxe4 Nb6 30. Bf3 c5 31. Ra6 Na4 32. N4b3 c4 33. Nxc4 {Threatening e5.} Nxe4 34. Nb6 (34. Ra5 $11 {remains equal.}) 34... Nxb6 (34... Ng5 $1 $17 {[%cal Rg5f3]} 35. Nxd7 Nxf3) 35. Rxb6 Ng5 36. Kg2 Rc8 37. Nd4 Ne6 38. Rxb4 Nxd4 39. Rxd4 Rxc2+ {[%mdl 4096] Endgame KRB-KRB} 40. Kg3 Bc6 {[#]} (40... Be8 $11) 41. Rd8+ $1 $16 Kh7 42. Rc8 Rxb2 43. Rxc6 {KRB-KR} Rb7 44. Kf4 Re7 45. h4 g6 46. Rc1 Ra7 47. Rc4 Kg7 48. Be4 (48. Rc3 $16) 48... Re7 (48... Ra5 $14) 49. Rd4 Ra7 50. Bd5 (50. Bf3 $16) 50... Re7 (50... Rd7 $14 51. Ke5 f6+ 52. Ke6 Ra7) 51. Rc4 {And now Bf3 would win.} Ra7 52. Ke5 (52. Bf3 $16) 52... Ra6 53. Rf4 Ra7 54. Kd6 Ra6+ 55. Ke7 Ra7+ 56. Ke8 f6 57. Rb4 Rc7 58. Kd8 Ra7 59. Bb7 Ra5 60. Kd7 Re5 61. Kd6 Kh6 62. Bd5 g5 63. hxg5+ Kxg5 64. Be6 Ra5 65. Rg4+ Kh5 66. Rg1 Rg5 67. Rf1 Kg6 68. Ke7 $1 f5 69. Bf7+ Kg7 70. Ke6 Rg3 71. Rxf5 Re3+ 72. Kd6 Rg3 73. Ke7 Re3+ 74. Be6 Rg3 75. Rf8 {Rg8+ would kill now.} Rg5 76. Bf5 Kh6 77. Kf6 {[%cal Rf8h8]} Rg6+ 78. Ke5 Rg7 79. Rh8+ Kg5 80. Rh1 Re7+ 81. Be6 {Hoping for Rg1+.} Rg7 82. Rh2 Kg6 83. Bf5+ Kg5 {[#]} 84. Ra2 $1 Re7+ 85. Be6 {Rg2+ is the strong threat.} Rg7 86. Rf2 Kg6 87. Rf1 Kg5 88. Bf7 Kh6 89. Kf6 {[%cal Rf1h1]} Rg6+ 90. Ke7 Rg3 91. Rf5 Kg7 92. Be6 Kh6 93. Bd7 Rg7+ 94. Kd6 Rg6+ 95. Be6 Rg7 96. Rf1 Rg3 97. Ke5 Kg5 98. Bd5 Re3+ 99. Be4 Rg3 100. Rh1 Kg4 101. Rh8 Kg5 102. Rf8 Kg4 103. Bf5+ Kg5 104. Rg8+ {Precision: White = 56%, Black = 63%.} 1/2-1/2

[Event "4th Capablanca Memorial GM 2018"]
[Site "Heraklion"]
[Date "2018.04.11"]
[Round "3"]
[White "Rozentalis, Eduardas"]
[Black "Poetsch, Hagen"]
[Result "1/2-1/2"]
[WhiteElo "2518"]
[BlackElo "2484"]
[Annotator "TA"]
[PlyCount "83"]
[EventDate "2018.??.??"]
[EventType "tourn"]
[EventCountry "GRE"]
[SourceTitle "playchess.com"]
[Source "ChessBase"]
[SourceQuality "1"]

{[%evp 21,83,5,16,0,0,0,0,0,0,-43,-18,-10,-11,-37,-25,-24,-44,-43,0,-9,0,0,-2,-1,0,-6,0,-11,0,0,24,14,12,0,0,0,0,0,0,0,0,0,0,0,22,19,18,13,27,0,7,0,0,0,0,0,0,0,0,0,0,0,0,0]} 1. e4 e6 2. d4 d5 3. Nd2 Be7 4. Bd3 c5 5. dxc5 Nf6 6. Qe2 O-O 7. Ngf3 {C03: French Tarrasch: Unusual Black 3rd moves} a5 8. O-O Na6 9. e5 Nd7 10. c4 (10. c3 Naxc5 11. Bb5 f6 12. exf6 Bxf6 13. Nb3 Nxb3 14. axb3 e5 15. Bxd7 Bxd7 16. Nxe5 {1-0 (45) Zhigalko,S (2652)-Shirov,A (2673) Baku 2016}) 10... Ndxc5 11. Bb1 Nb4 {LiveBook: 19 Games} 12. Nb3 Nxb3 $146 ({Predecessor:} 12... b6 13. Nxc5 bxc5 14. a3 Nc6 {1-0 (37) Svane,R (2507)-Pijpers,A (2355) Groningen 2014}) 13. axb3 b6 14. Nd4 Bc5 15. Rd1 ({Reject} 15. Qh5 g6 $17) 15... Qh4 16. Be3 Bb7 17. Nf3 Qh5 18. Bxc5 bxc5 19. cxd5 Bxd5 20. Be4 Qg4 21. Bxd5 Nxd5 22. h3 Qb4 23. Qc2 Rab8 24. Nd2 Rfd8 25. Nc4 Nf4 26. Rd6 Rf8 27. Kh2 Qb7 {[%csl Gf4][%cal Rb7g2] [#]} 28. f3 Qxb3 29. Qxb3 Rxb3 30. Rxa5 g5 31. Rxc5 Nd3 32. Rc7 Nxb2 33. Nd2 Rbb8 $1 34. Ne4 {Threatens to win with Rdd7.} Rfc8 35. Rb6 Nd3 {The position is equal.} 36. Nxg5 {[#] Hoping for Rxb8.} Rxb6 37. Rxc8+ $11 {KRN-KRN} Kg7 38. f4 Nxf4 39. Rc7 Kg6 40. Nxf7 Rb2 41. Kg3 Nxg2 42. Nd6 {Precision: White = 60%, Black = 69%.} 1/2-1/2

[Event "4th Capablanca Memorial GM 2018"]
[Site "Heraklion"]
[Date "2018.04.11"]
[Round "3"]
[White "Fernandez, Daniel Howard"]
[Black "Petrova, Kristyna"]
[Result "1-0"]
[WhiteElo "2483"]
[BlackElo "2257"]
[Annotator "TA"]
[PlyCount "83"]
[EventDate "2018.??.??"]
[EventType "tourn"]
[EventCountry "GRE"]
[SourceTitle "playchess.com"]
[Source "ChessBase"]
[SourceQuality "1"]

{[%evp 9,83,18,41,50,40,38,47,43,35,43,73,75,91,0,0,0,6,12,51,-7,-7,-7,0,-6,-1,-24,-4,-3,0,0,0,0,9,8,20,10,37,31,42,39,43,41,50,54,58,44,97,54,42,43,144,146,137,139,143,141,163,172,187,187,183,160,173,164,385,379,368,366,355,365,609,526,789,760,751,729]} 1. e4 c5 2. Nf3 Nc6 3. Bb5 d6 4. O-O Bd7 5. Qe2 a6 6. Bxc6 $1 {B51: Sicilian: Moscow Variation (3 Bb5+) without 3...Bd7} Bxc6 7. d4 cxd4 8. Nxd4 {White is slightly better.} Rc8 $146 ({Predecessor:} 8... e5 9. Nxc6 bxc6 10. c4 Nf6 11. Nc3 Be7 12. Rd1 Qc8 13. b3 {½-½ (36) Niermann,T (2315)-Kokje,J (2112) Dortmund 2017}) 9. Nc3 Nf6 10. Bg5 Qa5 11. Qe3 (11. Bxf6 $16 gxf6 12. Nxc6 bxc6 13. Rfd1) 11... Ng4 $11 12. Qd2 h6 13. Bf4 e5 14. Nb3 (14. Nxc6 $14 bxc6 15. Qe2) 14... Qb6 15. h3 Nf6 $1 16. Be3 Qc7 17. Qd3 Be7 18. a4 O-O 19. a5 Qd7 20. Rfd1 Bb5 21. Nxb5 Qxb5 22. Rac1 Qc4 23. f3 Nd7 24. Qxc4 Rxc4 25. Nd2 Rc6 26. b3 Kh7 27. Nc4 g6 (27... f5 $14) 28. f4 exf4 29. Bxf4 Nf6 ({Black should try} 29... Re8 $14) 30. Bxd6 $16 ({Much less strong is} 30. Nxd6 $6 Nh5 $14) 30... Re8 31. e5 {[#] Black must now prevent Bxe7.} Ne4 32. Rd3 f6 33. Rf1 Kg7 34. Bxe7 Rxe7 35. Re3 f5 36. g4 Rd7 $2 {[#]} (36... Rf7 {was worth a try.} 37. Rd3 fxg4) 37. gxf5 $18 gxf5 38. Rxf5 Rg6+ 39. Kh2 Nd2 $2 (39... Ng5 40. Rg3 Rd4) 40. Nd6 {White is clearly winning.} Kh7 41. Re2 Rg5 42. Rff2 {Precision: White = 74%, Black = 42%.} 1-0

[Event "4th Capablanca Memorial GM 2018"]
[Site "Heraklion"]
[Date "2018.04.11"]
[Round "3"]
[White "Kapnisis, Spyridon"]
[Black "Ider, Borya"]
[Result "1/2-1/2"]
[WhiteElo "2472"]
[BlackElo "2510"]
[Annotator "TA"]
[PlyCount "31"]
[EventDate "2018.??.??"]
[EventType "tourn"]
[EventCountry "GRE"]
[SourceTitle "playchess.com"]
[Source "ChessBase"]
[SourceQuality "1"]

{[%evp 13,16,18,49,47,39]} 1. c4 b6 2. Nf3 Bb7 3. e3 Nf6 4. d4 g6 5. Be2 Bg7 6. O-O O-O 7. Nc3 d6 {LiveBook: 5 Games} 8. Qc2 {E61: King's Indian: Early deviations for White, including Smyslov System} (8. b4 e5 9. dxe5 Nfd7 10. Bb2 Nxe5 11. Nxe5 Bxe5 12. Bf3 Bxf3 13. Qxf3 Na6 14. a3 Qh4 15. g3 Qxc4 {0-1 (64) Sargissian,G (2672)-Rapport,R (2707) Riadh 2017}) 8... Nbd7 {Predecessor:} 9. Rd1 $146 Re8 10. Rb1 e5 11. b4 exd4 12. Nxd4 Ne4 13. Nd5 c6 14. Nf4 Qe7 15. b5 cxb5 16. cxb5 {1-0 (45) Sklyarov,D (2426)-Vinogradov,V (2085) Kondopoga 2012} 1/2-1/2

[Event "4th Capablanca Memorial GM 2018"]
[Site "Heraklion"]
[Date "2018.04.11"]
[Round "3"]
[White "Pogosyan, Stefan"]
[Black "Koutoukidis, Panagiotis"]
[Result "1/2-1/2"]
[WhiteElo "2314"]
[BlackElo "2332"]
[Annotator "NA"]
[PlyCount "91"]
[EventDate "2018.??.??"]
[EventType "tourn"]
[EventCountry "GRE"]
[SourceTitle "playchess.com"]
[Source "ChessBase"]
[SourceQuality "1"]
[TimeControl "40/5400+30:1800+30"]

1. d4 {[%emt 0:00:00]} Nf6 {[%emt 0:00:10]} 2. c4 {[%emt 0:00:00]} e6 {[%emt 0:00:10]} 3. Nc3 {[%emt 0:00:00]} Bb4 {[%emt 0:00:04]} 4. Qc2 {[%emt 0:00:00]} O-O {[%emt 0:00:13]} 5. a3 {[%emt 0:00:00]} Bxc3+ {[%emt 0:00:05]} 6. Qxc3 {[%emt 0:00:03]} d5 {[%emt 0:00:05]} 7. Bg5 {[%emt 0:01:36]} dxc4 {[%emt 0:00:11] E36: Nimzo-Indian: Classical: 4...d5 5 a3} (7... h6 8. Bxf6 Qxf6 9. Nf3 c6 10. g3 Nd7 11. Bh3 b6 12. cxd5 cxd5 13. Qc6 Rb8 14. O-O Rd8 15. Rfc1 {½-½ (24) Mamedyarov,S (2809)-Aronian,L (2794) Berlin 2018}) 8. Qxc4 {[%emt 0:04:17]} b6 {[%emt 0:00:13]} 9. Nf3 {[%emt 0:00:55]} Ba6 {[%emt 0:00:12]} 10. Qa4 {[%emt 0:00:53]} Qd7 {[%emt 0:00:08]} 11. Qc2 {[%emt 0:02:00]} c5 {[%emt 0:00:16]} 12. dxc5 {[%emt 0:11:53] LiveBook: 17 Games} Rc8 {[%emt 0:00:15]} 13. Rd1 {[%emt 0:01:23]} Qe7 {[%emt 0:00:16]} 14. Qd2 {[%emt 0:19:20]} Qxc5 {[%emt 0:07:31]} 15. Bxf6 $146 {[%emt 0:01:21]} ({Predecessor:} 15. b4 Qf5 16. Nd4 Qg6 17. Bxf6 Qxf6 {½-½ (31) Csiki,E (2200)-Paszewski,M (2327) Zalakaros 2017}) 15... gxf6 {[%emt 0:00:18]} 16. e3 {[%emt 0:03:56]} Bxf1 {[%emt 0:00:31]} 17. Kxf1 {[%emt 0:04:03]} Nc6 {[%emt 0:01:34]} 18. Rc1 {[%emt 0:00:33]} Qb5+ {[%emt 0:01:31]} 19. Qe2 {[%emt 0:00:20]} Qf5 {[%emt 0:07:29]} 20. g4 {[%emt 0:10:02]} Qg6 {[%emt 0:06:14]} 21. Qc2 {[%emt 0:04:14]} Qxc2 {[%emt 0:04:44]} 22. Rxc2 {[%emt 0:00:20]} Ne5 {[%emt 0:01:28]} 23. Rxc8+ {[%emt 0:00:23]} Rxc8 {[%emt 0:00:06]} 24. Nxe5 {[%emt 0:00:05]} fxe5 {[%emt 0:00:36]} 25. Kg2 {[%emt 0:00:06]} Rc2 {[%emt 0:00:13]} 26. Rb1 $1 {[%emt 0:00:22]} Kf8 {[%emt 0:01:17]} 27. e4 {[%emt 0:02:25]} Ke7 {[%emt 0:01:34]} 28. h4 {[%emt 0:02:19]} Kd6 {[%emt 0:02:53]} 29. Rd1+ {[%emt 0:00:40]} Ke7 {[%emt 0:02:36]} 30. Rb1 {[%emt 0:00:07]} a5 {[%emt 0:01:15]} 31. Kf3 {[%emt 0:02:22]} Kd6 {[%emt 0:01:18]} 32. Ke3 {[%emt 0:01:41]} Kc5 {[%emt 0:01:14]} 33. b4+ {[%emt 0:02:18]} axb4 {[%emt 0:08:41]} 34. axb4+ {[%emt 0:00:40]} Kc4 {[%emt 0:01:04]} 35. Rd1 {[%emt 0:03:01]} Rc3+ {[%emt 0:00:34]} 36. Ke2 {[%emt 0:00:21]} Rh3 $11 {[%emt 0:00:09]} 37. h5 {[%emt 0:00:38]} f5 {[%emt 0:00:39]} 38. f3 {[%emt 0:05:14]} fxg4 {[%emt 0:00:28]} 39. fxg4 {[%emt 0:00:04]} Rg3 {[%emt 0:00:06]} 40. Rd6 {[%emt 0:00:00]} Rxg4 {[%emt 0:02:15]} 41. Rxb6 {[%emt 0:04:31]} Rxe4+ {[%emt 0:00:15]} 42. Kf3 {[%emt 0:00:09]} Rf4+ {[%emt 0:00:30]} 43. Ke3 {[%emt 0:00:45]} Rh4 {[%emt 0:08:42]} 44. Rxe6 {[%emt 0:00:21]} Rxh5 {[%emt 0:00:05]} 45. Ke4 {[%emt 0:00:42]} Kxb4 {[%emt 0:00:09]} 46. Rxe5 {[%emt 0:00:14]} 1/2-1/2

[Event "4th Capablanca Memorial GM 2018"]
[Site "Heraklion"]
[Date "2018.04.11"]
[Round "3"]
[White "Townsend, M Paul"]
[Black "Georgakopoulos, Nikolaos"]
[Result "0-1"]
[WhiteElo "2211"]
[BlackElo "2346"]
[Annotator "TA"]
[PlyCount "76"]
[EventDate "2018.??.??"]
[EventType "tourn"]
[EventCountry "GRE"]
[SourceTitle "playchess.com"]
[Source "ChessBase"]
[SourceQuality "1"]

{[%evp 23,76,2,10,17,8,0,0,0,0,0,5,5,20,0,20,15,19,8,42,39,35,0,0,0,0,3,0,-64,-40,-70,-65,-64,-32,-43,-27,-52,-43,-69,0,-12,-6,-25,0,-16,0,-194,0,-472,-438,-29990,-29991,-29993,-29994,-29994,-29995]} 1. d4 Nf6 2. c4 g6 3. Nc3 Bg7 4. e4 d6 5. Nf3 O-O 6. Be2 e5 7. O-O Na6 8. Be3 h6 {E94: King's Indian: Classical: 6 Be2 e5 7 0-0: Various Black 7th moves} (8... c6 9. Qc2 Ng4 10. Bg5 Qe8 11. Rad1 f6 12. Bh4 Kh8 13. h3 Nh6 14. Rfe1 Nf7 15. a3 Nc7 16. b4 Ne6 17. d5 {1-0 (65) Wojtaszek,R (2738)-Demchenko,A (2672) Batumi 2018}) 9. dxe5 Ng4 10. Bf4 Nxe5 11. Nxe5 dxe5 12. Be3 c6 {LiveBook: 3 Games} 13. Qxd8 Rxd8 14. Rfd1 Re8 15. Rd2 $146 ({Predecessor:} 15. c5 Nc7 16. Rd2 {½-½ (26) Roeder,M (2367)-Scholz,C (2362) Germany 2016}) 15... Nc7 16. Rad1 Ne6 17. Bg4 Rf8 18. Bh3 Kh7 19. Na4 b6 20. Rd6 c5 (20... Nd4 $5) 21. Nc3 f5 22. f3 Nd4 23. Nd5 Rf7 24. Bxd4 cxd4 25. Rc1 (25. exf5 $11 gxf5 26. g3) 25... fxe4 26. Bxc8 Rxc8 27. fxe4 h5 28. b3 Rcf8 29. h3 Rf2 30. Rd7 h4 ({Black should play} 30... Kh6 $15) 31. Rxa7 d3 32. Rd1 Re2 {...d2 is the strong threat.} 33. Nc3 ({Don't go for} 33. Rxd3 $2 Re1+ 34. Kh2 Rff1 $19) 33... Rc2 34. Nd5 $2 {[#]} (34. Rxd3 $11 {and White has nothing to worry.} Rff2 35. Nd5) 34... Kh8 $2 (34... d2 $1 $19 35. Kh2 Kh8) 35. Ne3 $2 {[%mdl 8192] [#]} (35. Rxd3 {gets mated.} Rc1+ 36. Kh2 Rff1 37. Ra8+ Kh7 38. Nf6+ Bxf6 39. Rd7+ Kh6 40. Rh7+ Kxh7 41. Ra7+ Kh6 42. Rh7+ Kxh7 43. g4 Rf2#) (35. Rd7 $11) 35... Bh6 $1 $19 {[%mdl 512]} 36. Rxd3 (36. Nxc2 $19 dxc2 37. Re1) 36... Bxe3+ {Black mates.} 37. Rxe3 {[#]} Rc1+ $1 38. Kh2 Rff1 {Precision: White = 28%, Black = 58%.} 0-1

[Event "4th Capablanca Memorial GM 2018"]
[Site "Heraklion"]
[Date "2018.04.12"]
[Round "4"]
[White "Rozentalis, Eduardas"]
[Black "Pogosyan, Stefan"]
[Result "1/2-1/2"]
[WhiteElo "2518"]
[BlackElo "2314"]
[Annotator "TA"]
[PlyCount "107"]
[EventDate "2018.??.??"]
[EventType "tourn"]
[EventCountry "GRE"]
[SourceTitle "playchess.com"]
[Source "ChessBase"]
[SourceQuality "1"]

{[%evp 13,107,0,0,0,5,-2,0,10,-3,-2,-3,0,0,0,0,0,0,0,0,0,0,0,0,2,4,0,0,0,0,0,0,0,2,0,0,0,0,0,0,0,0,0,0,0,0,0,0,0,0,0,0,0,0,0,0,0,0,0,9,0,0,0,0,0,0,0,0,0,0,0,8,8,8,8,8,8,69,34,31,11,16,7,7,7,8,0,0,0,0,0,0,0,0,0,0,0]} 1. e4 e6 2. d4 d5 3. Nd2 c5 4. Ngf3 cxd4 5. Nxd4 Nf6 6. exd5 Qxd5 7. N2f3 Be7 {LiveBook: 4 Games. C07: French Tarrasch: 3...c5, 4 Ngf3 and 4 exd5 Qxd5} 8. Be2 (8. Bd3 e5 9. Nb5 O-O 10. O-O e4 11. Nc3 Qc6 12. Nd4 Qb6 13. Bxe4 Rd8 14. Be3 Qxb2 15. Qd3 {1-0 (36) Ivanchuk,V (2726)-Lei,T (2531) Caleta 2018}) 8... O-O 9. O-O Rd8 10. Bf4 $146 ({Find the theoretical novelty and annotate with similar games:} 10. Nb5 Qc5 11. Bd3 Nc6 12. Be3 Qh5 13. Nfd4 Qxd1 14. Rfxd1 Nd5 15. Nxc6 bxc6 {½-½ (63) Ebeling,D (2350)-Illingworth,M (2360) Istanbul 2012}) 10... b6 11. Bc7 {[#] And now c4 would win.} Rd7 12. Bg3 Bb7 13. Bb5 Nc6 14. Bxc6 Bxc6 15. Nxc6 Qxc6 16. Ne5 Rxd1 17. Nxc6 Rxf1+ 18. Kxf1 Kf8 19. c3 Ne4 20. Bb8 Ke8 21. Rd1 ({But not} 21. Bxa7 $2 Kd7 $17) 21... a6 22. Ke2 Nc5 23. Be5 Bf8 24. Bd6 (24. Nb4 {NOTEXT} Rc8 25. Bd4 g6 26. Bxc5 Rxc5 27. Nxa6 Re5+ 28. Kf3) 24... Bxd6 25. Rxd6 $11 {[%mdl 4096] Endgame KRN-KRN} Nb7 26. Rd4 Rc8 27. Ne5 f6 28. Rc4 Kd8 29. Rd4+ Ke8 30. Rc4 Kd8 31. Rxc8+ Kxc8 {KN-KN} 32. Nd3 Kd7 33. c4 a5 34. b3 Kd6 35. a3 Nd8 36. b4 Nc6 37. Kd2 e5 38. Kc3 axb4+ 39. axb4 Nd4 40. Nc1 g5 41. Nb3 Ne2+ 42. Kd2 Nf4 $1 43. g3 Ne6 44. g4 Ng7 ({Better is} 44... e4 $11) 45. Ke3 h5 46. f3 f5 {The position is equal.} 47. gxf5 Nxf5+ 48. Ke4 Ke6 49. Nd2 Nd4 50. Nf1 b5 51. Ne3 bxc4 52. Nxc4 Nb5 53. Ne3 Nd4 54. Nc4 {Precision: White = 70%, Black = 88%.} 1/2-1/2

[Event "4th Capablanca Memorial GM 2018"]
[Site "Heraklion"]
[Date "2018.04.12"]
[Round "4"]
[White "Ider, Borya"]
[Black "Fernandez, Daniel Howard"]
[Result "0-1"]
[WhiteElo "2510"]
[BlackElo "2483"]
[Annotator "TA"]
[PlyCount "58"]
[EventDate "2018.??.??"]
[EventType "tourn"]
[EventCountry "GRE"]
[SourceTitle "playchess.com"]
[Source "ChessBase"]
[SourceQuality "1"]

{[%evp 20,58,30,11,13,10,11,10,27,-15,0,0,0,0,0,0,0,-159,-161,-177,-176,-177,-173,-458,-483,-545,-399,-620,-633,-615,-626,-677,-651,-696,-728,-713,-706,-715,-706,-694,-692]} 1. Nf3 c5 2. g3 g6 3. c3 Bg7 4. d4 cxd4 5. cxd4 Nf6 6. Nc3 d5 7. Bg2 O-O 8. O-O e6 9. Bf4 Nc6 10. Rc1 {D79: Fianchetto Grünfeld: Symmetrical Variation (6 0-0 c6 7 cxd5 cxd5)} Bd7 11. Qd2 {LiveBook: 3 Games} Ne4 $146 ({Predecessor:} 11... Rc8 12. Ne5 Qe7 13. Rfd1 Rfd8 14. Bg5 Qf8 15. h4 h6 16. Bxf6 Bxf6 17. f4 h5 {1-0 (103) Carlsen,M (2881)-Le,Q (2712) Dubai 2014}) 12. Nxe4 {The position is equal.} dxe4 13. Ne5 f5 14. Nc4 Nxd4 15. Bg5 Qc7 16. Bf4 Qd8 $1 17. Bg5 Qc7 18. Be7 $2 ({White should play} 18. Bf4 $11 Qd8) 18... Rfc8 $17 {aiming for ...Bb5.} 19. Bd6 Qd8 20. Ne5 {[#]} Nb5 $1 21. Rcd1 $2 (21. Rfd1) 21... Be8 $19 22. f4 exf3 23. Nxf3 (23. Bxf3 $142 Nxd6 24. Qxd6 Qxd6 25. Rxd6 Bxe5 26. Rxe6) 23... Qb6+ {Black is clearly winning.} (23... Qxd6 $2 24. Qxd6 Nxd6 25. Rxd6 $19) 24. Kh1 Rd8 (24... Qxd6 $2 25. Qxd6 Nxd6 26. Rxd6 $19) 25. Qf4 Rxd6 26. a4 Rad8 27. Rxd6 Nxd6 28. Ng5 Nf7 29. a5 Qd6 0-1

[Event "4th Capablanca Memorial GM 2018"]
[Site "Heraklion"]
[Date "2018.04.12"]
[Round "4"]
[White "Poetsch, Hagen"]
[Black "Petrova, Kristyna"]
[Result "1-0"]
[WhiteElo "2484"]
[BlackElo "2257"]
[Annotator "TA"]
[PlyCount "69"]
[EventDate "2018.??.??"]
[EventType "tourn"]
[EventCountry "GRE"]
[SourceTitle "playchess.com"]
[Source "ChessBase"]
[SourceQuality "1"]

{[%evp 13,69,36,39,17,24,29,35,36,35,33,45,18,35,20,41,31,33,29,33,26,75,58,64,63,99,101,133,147,148,115,194,98,89,91,173,151,167,148,185,128,143,135,189,192,316,314,461,200,204,193,171,116,264,265,985,794,805,563]} 1. e4 e5 2. Nf3 Nc6 3. Bb5 a6 4. Ba4 Nf6 5. d3 Bd6 6. c3 O-O {C77: Ruy Lopez: 3...a6 4 Ba4 Nf6, unusual lines} 7. O-O Re8 {LiveBook: 5 Games} 8. Bg5 (8. Nbd2 Bf8 9. Re1 b5 10. Bc2 d5 11. exd5 Qxd5 12. d4 Bb7 {0-1 (20) Harikrishna,P (2727)-Aronian,L (2797) Beijing 2014}) 8... h6 {The position is equal.} 9. Bh4 b5 10. Bc2 Be7 11. a4 $146 {Strongly threatening axb5.} ({Predecessor:} 11. Re1 d5 12. Nbd2 dxe4 13. dxe4 Nh5 {1-0 (47) Kosteniuk,A (2495)-Zimina,O (2337) Rhodes 2013}) 11... Bb7 12. Na3 b4 13. Nc4 d6 14. a5 bxc3 15. bxc3 Na7 16. Ne3 g6 17. Bb3 {Hoping for Bxf6.} Bc6 18. Bg3 Kg7 19. Nh4 Bd7 20. f4 exf4 21. Bxf4 Be6 (21... Nc6 $16) 22. Ba4 (22. Bxe6 $18 fxe6 23. Qf3) 22... Rh8 23. e5 Nd5 (23... Nh5 $16 {is a better defense.} 24. Nhf5+ Kh7) 24. Nxd5 $18 Bxd5 25. Nf3 $1 f5 26. Bb3 (26. c4 $18 Bc6 27. Nd4 Bxa4 28. Qxa4) 26... Bxb3 $16 27. Qxb3 Qd7 (27... Rb8 $16 28. Qe6 Re8) 28. Nd4 $18 Rhg8 (28... Rab8 {was called for.} 29. Qc4 Nb5) 29. Qe6 Rad8 {[#]} (29... Qxe6 $142 30. Nxe6+ Kf7) 30. Rae1 (30. Nxf5+ $142 $1 {[%mdl 512]} gxf5 31. Qxh6+ Kf7 32. Rae1 dxe5 33. Bxe5) 30... Kh7 31. Qf7+ Rg7 32. Qc4 (32. Qa2 $18) 32... Qc8 {[#]} (32... Nb5 $16 {keeps fighting.}) 33. exd6 $1 Bxd6 $2 (33... cxd6 34. Ne6 Qxc4 35. dxc4 Rd7 36. Nxg7 Kxg7) 34. Ne6 Bxf4 35. Qxf4 {Precision: White = 54%, Black = 35%.} 1-0

[Event "4th Capablanca Memorial GM 2018"]
[Site "Heraklion"]
[Date "2018.04.12"]
[Round "4"]
[White "Georgakopoulos, Nikolaos"]
[Black "Kapnisis, Spyridon"]
[Result "1/2-1/2"]
[WhiteElo "2346"]
[BlackElo "2472"]
[Annotator "TA"]
[PlyCount "55"]
[EventDate "2018.??.??"]
[EventType "tourn"]
[EventCountry "GRE"]
[SourceTitle "playchess.com"]
[Source "ChessBase"]
[SourceQuality "1"]

{[%evp 21,55,17,45,34,26,24,26,36,90,104,104,54,58,56,79,52,43,45,41,39,49,46,58,7,22,20,24,32,37,35,37,0,12,0,18,5]} 1. Nf3 Nf6 2. d4 e6 3. c4 b6 4. g3 c6 5. Bg2 d5 6. O-O Be7 7. b3 O-O 8. Bb2 Nbd7 9. Qc2 Bb7 10. Nc3 Ba6 {E08: Closed Catalan: Main Line: 7 Qc2} (10... Rc8 11. e4 Nxe4 12. Nxe4 dxe4 13. Qxe4 Nf6 14. Qc2 c5 15. Rad1 cxd4 16. Rxd4 Qc7 17. Rfd1 Rfd8 18. Qe2 h6 19. Ne5 Rxd4 20. Rxd4 Bxg2 21. Kxg2 {1-0 (69) Mamedyarov,S (2772)-Vitiugov,N (2731) Sochi 2017}) 11. Rfd1 b5 {LiveBook: 3 Games} 12. c5 b4 {White is slightly better.} 13. Na4 Bb5 $146 ({Predecessor:} 13... Ne4 14. Ne1 f5 15. Nd3 Qb8 16. f3 Ng5 17. e3 Bf6 18. Qf2 Bxd3 19. Rxd3 {0-1 (76) Bertok,M (2425)-Kovacevic,V (2495) Zagreb 1977}) 14. a3 bxa3 (14... a5 $14) 15. Rxa3 $16 Ne4 16. Nc3 Nxc3 17. Bxc3 e5 18. e4 dxe4 $1 19. Nxe5 Nxe5 20. dxe5 Bd3 21. Qb2 {Strongly threatening Bxe4!} Qc8 22. Ra4 (22. b4 $14) 22... Bxc5 (22... Qf5 {keeps more tension.} 23. b4 Rfd8 24. Re1 a6 25. Ra5 Rab8) 23. Bxe4 Bxe4 24. Rxe4 Qe6 25. Rc4 Be7 $1 26. Qe2 Rfd8 27. Rc1 Rd5 28. Bd4 {Precision: White = 31%, Black = 47%.} 1/2-1/2